Crunchy eggs : text + image /

Bibliographic Details
Main Author: Vargas, Félix Solano (Author, Illustrator)
Format: Book
Language:English
Published: [Los Angeles] : Econo Textual Objects, [2014]
Edition:Second edition.
Series:Econo textual objects (Series) ; #2.
Subjects:

MARC

Tag First Indicator Second Indicator Subfields
LEADER 00000cam a2200000Ii 4500
001 in00004361721
005 20210917173153.0
008 160331s2014 caua 000 m eng d
035 |a (OCoLC)ocn945735392 
040 |a CIA  |b eng  |e rda  |c CIA  |d OCLCF  |d OCLCQ  |d TXA 
035 |a (OCoLC)945735392 
050 4 |a PS3622.A743  |b C78 2014 
090 |a PS3622.A742  |b C78 2014 
100 1 |a Vargas, Félix Solano,  |e author,  |e illustrator. 
245 1 0 |a Crunchy eggs :  |b text + image /  |c by Félix Solano Vargas. 
246 3 |a Crunchy eggs :  |b text plus image 
250 |a Second edition. 
264 1 |a [Los Angeles] :  |b Econo Textual Objects,  |c [2014] 
264 4 |c ©2014 
300 |a 34 pages :  |b black and white illustrations ;  |c 22 cm 
336 |a text  |b txt  |2 rdacontent 
337 |a unmediated  |b n  |2 rdamedia 
338 |a volume  |b nc  |2 rdacarrier 
490 1 |a Econo textual objects ;  |v #2 
500 |a Edition of 125 copies. 
500 |a The Cushing Library/Women & Gender Studies copy was acquired as part of The Don Kelly Research Collection of Gay Literature and Culture.  |5 TXA 
500 |a Purchased for the Cushing Library/Women & Gender Studies collection by The Cushing Library. 
650 0 |a Gender expression. 
650 0 |a Chapbooks, American. 
650 7 |a Chapbooks, American.  |2 fast  |0 (OCoLC)fst00852193 
655 7 |a Prose poems.  |2 lcgft 
830 0 |a Econo textual objects (Series) ;  |v #2. 
994 |a C0  |b TXA 
948 |a cataloged  |b h  |c 2021/9/17  |d c  |e nbehmer  |f 5:31:27 pm 
999 f f |s c4fd9f90-cc2b-3030-b924-31d046e380e2  |i 07657879-7ded-3cd9-bf23-6913978c406f  |t 0 
952 f f |p noncirc  |a Texas A&M University  |b College Station  |c Cushing Memorial Library & Archives  |d Cushing: Women & Gender Studies (Does not check out)  |t 0  |e PS3622.A742 C78 2014  |f Vertical file  |h Library of Congress classification  |i unmediated -- volume 
998 f f |a PS3622.A742 C78 2014  |t 0  |l Cushing: Women & Gender Studies (Does not check out)